Регионална библиотека "Любен Каравелов" - Русе

Смешни работи (Запис номер 119563)

MARC детайли
000 -Лидер
Контролно поле с фиксирана дължина 01292nam a2200289 a 4500
003 - Код на организацията, давaща контролен номер
Контролно поле BLK
005 - Дата и час на последна редакция
Контролно поле 20231120164719.0
008 - Елементи от данни с фиксирана дължина
fixed length control field 180409b bul|||||r ||||||| ||bul||
010 ## - Наследен системен номер
LC control number KNG00125178000
040 ## - Източник на каталожния запис
Идентификатор на билиотеката - собственик на записа BLK
041 ## - Код за език
Код за езика на текст/звукозапис или на отделно заглавие Български
Код за езика КДБФ Български
080 ## - УДК
Текстов определител УДК Българска литература
УДК код - определител по УДК 821.163.2
УДК определител -93-1
УДК - код + определител 821.163.2-93-1
100 1# - Редна дума - Автор
Автор Ангелов, Цветан Константинов
Авторска отговорност първи автор
R(LIN) 376408
139 ## - Редно поле
Редна дума Ангелов, Цветан Константинов
Авторски знак Ан - А 64
245 10 - Сведения за заглавието
Заглавие Смешни работи
Подзаглавни данни Стихотворения и поеми за деца
Редно поле (дума) Цветан Константинов Ангелов; худож. Симеон Димитров Спиридонов
257 ## - Страна на издаване
Страна на създаване/издаване България
260 ## - Област на издателските данни
Място на издаване, разпространение и проч. София
Име на издателя, разпространителя и проч. Отечество
Година на издаване 1977
Печатница София : ДПК Д. Благоев
300 ## - Физическа характеристика
Страници 60 с.
Илюстрации и др. с ил.
Размери/Мащаб 22 см
380 ## - Жанр
Жанр Детска худож. лит.
490 ## - СЕРИИ (Колекции)
Име на серия Библиотека Смехурко
№: серия 4
9 (RLIN) 203852
700 1# - Други автори (авторска отговорност)
Лично име Спиридонов, Симеон Димитров
Автороска отговорност (Описва отношението между автора и произведението) худож.
9 (RLIN) 277676
852 ## - Местоположение
Форматна сигнатура Цб 99123
Фондова буква Хранилище
856 4# - Електронен адрес и достъп
Електронен формат pdf - файл
Инструкция (цена за достъп) 0.00
Права за достъп disable
999 ## - СИСТЕМНИ КОНТРОЛНИ НОМЕРА
Koha biblionumber 119563
Koha biblioitemnumber 119563
942 ## - АРТИКУЛИ
Вид на библиотечния материал Книги
Скрит в OPAC Не
Koha issues (borrowed), all copies 4
Периодичен библиозапис Да
944 ## - СЪЗДАВАНЕ И РЕДАКЦИЯ на ЗАПИСА
Създаване/Редакция Създаване
Дата на регистрацията/редакция 23.08.2011
Статус, дата на статуса Ива Цветкова
Служител, извършил регистрацията/редакцията 30543
944 ## - СЪЗДАВАНЕ И РЕДАКЦИЯ на ЗАПИСА
Създаване/Редакция Редакция
Дата на регистрацията/редакция 14.09.2017
Статус, дата на статуса ф / 23.08.2011
Служител, извършил регистрацията/редакцията Наталия_Любомирова
Наличности
Код за отписване Код за изгубен артикул Източник на класификационната схема Код за повреда Коз за рестрикции Код за отдаване Артикулен № Име на библиотеката - собственик Име на библиотеката, в която се намира в момента Статус (Текущо местоположение) Дата на вписване в системата Местоположение - отдел Цена в лева Инвентарен номер Систематично азбучна сигнатура Баркод Номер на екземпляра Цена в евро Служебна бележка Служебен тип на артикула Бележка за публиката
  Не е изгубен Universal Decimal Classification Не е повреден само за читалня ползва се в читалня 192890 Регионална библиотека "Любен Каравелов" Русе Регионална библиотека "Любен Каравелов" Русе Хранилище 1978-01-01 Хранилище 0.96 254795 Цб 99123 120000254795 1 0.49 Дост: Dp Вид: Д N: стар фонд Дата: 01.01.1978 Книги  
Изтеглен Не е изгубен   Не е повреден без рестрикции заемане за дома 192891 Регионална библиотека "Любен Каравелов" Русе Регионална библиотека "Любен Каравелов" Русе   1978-01-01 Детски отдел 0.96 257439 ДХ 886.7/А 64 257439 2 0.49 Дост: Pk Вид: Ф N: стар фонд Дата: 01.01.1978 Дата инв: 28.08.2015 Бележки инв: Д2015 Книги Отч.N: 23/2017 , Дата: 09.08.2017
Изтеглен Не е изгубен   Не е повреден без рестрикции заемане за дома 192892 Регионална библиотека "Любен Каравелов" Русе Регионална библиотека "Любен Каравелов" Русе   1978-01-01 Детски отдел 0.96 257446 ДХ 886.7/А 64 257446 3 0.49 Дост: Pk Вид: Ф N: стар фонд Дата: 01.01.1978 Дата инв: 31.08.2015 Бележки инв: Д2015 Книги Отч.N: 30/2017 , Дата: 01.09.2017
  Не е изгубен Universal Decimal Classification Не е повреден без рестрикции заемане за дома 192893 Регионална библиотека "Любен Каравелов" Русе Регионална библиотека "Любен Каравелов" Русе Детски отдел 1978-01-01 Детски отдел 0.96 257451 ДХ 886.7/А 64 120000257451 4 0.49 Дост: Pk Вид: Ф N: стар фонд Дата: 01.01.1978 Дата инв: 28.08.2015 Бележки инв: Д2015 Книги  
Vip Innovations Ltd, Rousse, Bulgaria 2025